[Event "Las Palmas Montalvo Memorial 12th"]
[Site "Las Palmas"]
[Date "2019.04.13"]
[Round "1"]
[White "Gonzalez Acosta, Pablo"]
[Black "Barbot, Pierre"]
[Result "0-1"]
[WhiteElo "1653"]
[BlackElo "2440"]
[PlyCount "80"]
[EventDate "2019.04.13"]
[EventType "swiss"]
[EventRounds "9"]
[EventCountry "ESP"]
[SourceTitle "CBM 189 Extra"]
[Source "ChessBase"]
[SourceDate "2019.06.03"]
[SourceVersion "1"]
[SourceVersionDate "2019.06.03"]
[SourceQuality "1"]

1. d4 Nf6 2. Nf3 e6 3. Bg5 c5 4. e3 Qb6 5. b3 Ne4 6. Bf4 cxd4 7. Qxd4 Bb4+ 8. Nbd2 Nxd2 9. Nxd2 Qxd4 10. exd4 Bc3 11. Rd1 Bxd4 12. Ne4 Nc6 13. c3 Be5 14. Bxe5 Nxe5 15. Nd6+ Ke7 16. Be2 f6 17. 0-0 Rb8 18. Rd2 b6 19. Rfd1 g5 20. Bb5 Rd8 21. f3 Bb7 22. Kf2 Bc6 23. a4 Ra8 24. Bxc6 dxc6 25. Ne4 Rd5 26. c4 Rxd2+ 27. Rxd2 c5 28. g4 Nc6 29. Kg3 Nd4 30. Rb2 Rd8 31. f4 h6 32. h3 f5 33. gxf5 exf5 34. Nc3 Kf7 35. fxg5 hxg5 36. Nb5 Nc6 37. Kg2 Rd3 38. Kh2 f4 39. Kg2 Rg3+ 40. Kh2 Ne5 0-1

[Event "Liga Insular Gran Canaria 1b"]
[Site "Las Palmas"]
[Date "2019.03.23"]
[Round "4.2"]
[White "Bolanos Viera, Manuel Jesus"]
[Black "Gonzalez Acosta, Pablo"]
[Result "0-1"]
[WhiteElo "1531"]
[BlackElo "1653"]
[PlyCount "72"]
[EventDate "2019.03.02"]
[EventType "team-tourn"]
[EventRounds "7"]
[EventCountry "ESP"]
[SourceTitle "EXT 2021"]
[Source "ChessBase"]
[SourceDate "2020.10.23"]
[SourceVersion "1"]
[SourceVersionDate "2020.10.23"]
[SourceQuality "1"]
[WhiteTeam "Sociedad La Montana III"]
[BlackTeam "Grandama III"]
[WhiteTeamCountry "ESP"]
[BlackTeamCountry "ESP"]

1. e4 c5 2. Nf3 d6 3. d4 cxd4 4. Nxd4 e5 5. Nb3 Be6 6. Nc3 a6 7. Bd3 Nf6 8. 0-0 h6 9. Nd2 Be7 10. Nc4 b5 11. Ne3 0-0 12. Ncd5 Nbd7 13. b3 Nc5 14. f3 Nxd3 15. Qxd3 Rc8 16. Ba3 Nxd5 17. exd5 Bd7 18. Rac1 f5 19. c4 f4 20. Ng4 Bf5 21. Qe2 b4 22. Bb2 h5 23. Nf2 Qa5 24. Ba1 Bd8 25. Rfd1 Bb6 26. Kh1 Be3 27. Ne4 Bxe4 28. fxe4 Bxc1 29. Rxc1 Qc5 30. Qxh5 Qe3 31. Rf1 Qxe4 32. Qg4 Rce8 33. h4 Qf5 34. Qe2 e4 35. g4 f3 36. Qh2 Qf4 0-1

[Event "Las Palmas Montalvo Memorial 11th"]
[Site "Las Palmas"]
[Date "2018.03.29"]
[Round "7"]
[White "Gonzalez Acosta, Pablo"]
[Black "Pimienta Sanchez, Manuel"]
[Result "1-0"]
[WhiteElo "1647"]
[BlackElo "1814"]
[PlyCount "61"]
[EventDate "2018.03.24"]
[EventType "swiss"]
[EventRounds "9"]
[EventCountry "ESP"]
[SourceTitle "CBM 183 Extra"]
[Source "ChessBase"]
[SourceDate "2018.04.19"]
[SourceVersion "1"]
[SourceVersionDate "2018.04.19"]
[SourceQuality "1"]

1. d4 Nf6 2. Nf3 d6 3. c4 g6 4. Nc3 Bg7 5. e4 Bg4 6. Be2 0-0 7. h3 Bxf3 8. Bxf3 c6 9. 0-0 Nbd7 10. Bf4 Qb6 11. b3 Ne8 12. Be3 Qa5 13. Qc2 c5 14. Ne2 cxd4 15. Nxd4 Rc8 16. Rad1 Ne5 17. Be2 Nc7 18. b4 Qxb4 19. Rb1 Qa3 20. Rxb7 Ne6 21. Nxe6 fxe6 22. Rxa7 Qb4 23. Rb1 Rxc4 24. Bxc4 Qxc4 25. Qxc4 Nxc4 26. Bg5 Bd4 27. Rxe7 Rxf2 28. Kh1 Nb2 29. Bh6 Be5 30. Rc1 Nc4 31. Re8+ 1-0

[Event "Las Palmas Montalvo Memorial 11th"]
[Site "Las Palmas"]
[Date "2018.03.25"]
[Round "2"]
[White "Yuan, Ying Jie"]
[Black "Gonzalez Acosta, Pablo"]
[Result "0-1"]
[WhiteElo "1268"]
[BlackElo "1647"]
[PlyCount "54"]
[EventDate "2018.03.24"]
[EventType "swiss"]
[EventRounds "9"]
[EventCountry "ESP"]
[SourceTitle "CBM 183 Extra"]
[Source "ChessBase"]
[SourceDate "2018.04.19"]
[SourceVersion "1"]
[SourceVersionDate "2018.04.19"]
[SourceQuality "1"]

1. e4 c5 2. Nf3 d6 3. d4 cxd4 4. Nxd4 Nf6 5. Nc3 g6 6. Be2 Bg7 7. Be3 0-0 8. Qd2 Bd7 9. 0-0-0 Nc6 10. f3 a6 11. g4 Nxd4 12. Bxd4 Bc6 13. h4 h5 14. Bxf6 exf6 15. Rdg1 Kh7 16. Kb1 Bh6 17. Qd3 Kh8 18. Qd4 Qe7 19. Bc4 Bg7 20. Qd2 Qe5 21. f4 Qc5 22. Bd5 hxg4 23. Rxg4 f5 24. exf5 Bxc3 25. Qxc3+ Qxc3 26. bxc3 Bxd5 27. Rd1 Bf3 0-1

[Event "Las Palmas Insular-chT Segunda 1718"]
[Site "Las Palmas"]
[Date "2018.03.10"]
[Round "9.2"]
[White "Gonzalez Acosta, Pablo"]
[Black "Marrero Cardenes, Agustin"]
[Result "1/2-1/2"]
[WhiteElo "1633"]
[BlackElo "2061"]
[PlyCount "20"]
[EventDate "2017.10.28"]
[EventType "team-swiss"]
[EventRounds "9"]
[EventCountry "ESP"]
[SourceTitle "EXT 2021"]
[Source "ChessBase"]
[SourceDate "2020.10.23"]
[SourceVersion "1"]
[SourceVersionDate "2020.10.23"]
[SourceQuality "1"]
[WhiteTeam "Grandama III"]
[BlackTeam "Maspalomas"]
[WhiteTeamCountry "ESP"]
[BlackTeamCountry "ESP"]

1. d4 d5 2. Nf3 Nf6 3. c4 c6 4. Nc3 e6 5. Bg5 Be7 6. e3 h6 7. Bh4 0-0 8. Bd3 dxc4 9. Bxc4 b5 10. Bd3 Nbd7 1/2-1/2

[Event "Las Palmas Insular-chT Segunda 1718"]
[Site "Las Palmas"]
[Date "2018.01.20"]
[Round "6.1"]
[White "Gonzalez Acosta, Pablo"]
[Black "Fernandez de la Hoz A, Carlos"]
[Result "1-0"]
[WhiteElo "1633"]
[BlackElo "1682"]
[PlyCount "47"]
[EventDate "2017.10.28"]
[EventType "team-swiss"]
[EventRounds "9"]
[EventCountry "ESP"]
[SourceTitle "EXT 2019"]
[Source "ChessBase"]
[SourceDate "2018.10.10"]
[SourceVersion "1"]
[SourceVersionDate "2018.10.10"]
[SourceQuality "1"]
[WhiteTeam "Grandama II"]
[BlackTeam "Mogan"]
[WhiteTeamCountry "ESP"]
[BlackTeamCountry "ESP"]

1. d4 d6 2. Nf3 g6 3. c4 Bg7 4. Nc3 Nf6 5. e3 0-0 6. Bd3 Nbd7 7. 0-0 e5 8. Qc2 Ne8 9. dxe5 Nxe5 10. Nxe5 Bxe5 11. f4 Bg7 12. b3 c6 13. Bb2 f5 14. e4 Bd4+ 15. Kh1 Ng7 16. Rad1 fxe4 17. Bxe4 Bf6 18. Ba3 Qa5 19. Nb1 Nf5 20. Qf2 c5 21. Bd5+ Kg7 22. Bb2 Qd8 23. g4 Bd4 24. gxf5 1-0

[Event "Las Palmas Insular-chT Segunda 1718"]
[Site "Las Palmas"]
[Date "2018.01.13"]
[Round "5.2"]
[White "Abderrahaman, Nadia"]
[Black "Gonzalez Acosta, Pablo"]
[Result "0-1"]
[WhiteElo "1187"]
[BlackElo "1633"]
[PlyCount "48"]
[EventDate "2017.10.28"]
[EventType "team-swiss"]
[EventRounds "9"]
[EventCountry "ESP"]
[SourceTitle "EXT 2019"]
[Source "ChessBase"]
[SourceDate "2018.10.10"]
[SourceVersion "1"]
[SourceVersionDate "2018.10.10"]
[SourceQuality "1"]
[WhiteTeam "Hotel Avda de Canarias IV"]
[BlackTeam "Grandama III"]
[WhiteTeamCountry "ESP"]
[BlackTeamCountry "ESP"]

1. e4 c5 2. Bc4 d6 3. d3 Nf6 4. f4 Nc6 5. Nf3 e6 6. Nc3 Be7 7. Be3 d5 8. exd5 exd5 9. Bb3 d4 10. Ng5 0-0 11. Nce4 dxe3 12. Nxf6+ Bxf6 13. Qh5 Bxg5 14. fxg5 g6 15. Qh4 Nd4 16. Ba4 Qa5+ 17. c3 Qxa4 18. cxd4 Qb4+ 19. Kf1 Qxb2 20. Qe1 cxd4 21. Rb1 Qxa2 22. Rb4 Rd8 23. h4 Bf5 24. Qd1 Qf2# 0-1

[Event "Las Palmas Insular-chT Segunda 1718"]
[Site "Las Palmas"]
[Date "2017.11.11"]
[Round "2.3"]
[White "Gonzalez Acosta, Pablo"]
[Black "Fernandez de la Hoz A, Carlos"]
[Result "1/2-1/2"]
[WhiteElo "1633"]
[BlackElo "1707"]
[PlyCount "47"]
[EventDate "2017.10.28"]
[EventType "team-swiss"]
[EventRounds "9"]
[EventCountry "ESP"]
[SourceTitle "EXT 2019"]
[Source "ChessBase"]
[SourceDate "2018.10.10"]
[SourceVersion "1"]
[SourceVersionDate "2018.10.10"]
[SourceQuality "1"]
[WhiteTeam "Grandama III"]
[BlackTeam "Mogan"]
[WhiteTeamCountry "ESP"]
[BlackTeamCountry "ESP"]

1. d4 g6 2. Nf3 Bg7 3. c4 c5 4. e3 Nf6 5. Nc3 d6 6. Bd3 0-0 7. 0-0 Bd7 8. d5 Ng4 9. h3 Ne5 10. Nxe5 Bxe5 11. f4 Bg7 12. Qc2 Na6 13. a3 f5 14. b3 Nc7 15. Bb2 Ne8 16. Rae1 Nf6 17. e4 Nh5 18. Ne2 fxe4 19. Bxe4 Nf6 20. Ng3 b5 21. Bf3 bxc4 22. bxc4 Rb8 23. Bc3 Rf7 24. Rb1 1/2-1/2

[Event "Las Palmas Insular-chT Segunda 1718"]
[Site "Las Palmas"]
[Date "2017.10.28"]
[Round "1.2"]
[White "Gonzalez Acosta, Pablo"]
[Black "Reyes Molina, Juan Pedro"]
[Result "1-0"]
[WhiteElo "1633"]
[BlackElo "1612"]
[PlyCount "81"]
[EventDate "2017.10.28"]
[EventType "team-swiss"]
[EventRounds "9"]
[EventCountry "ESP"]
[SourceTitle "EXT 2019"]
[Source "ChessBase"]
[SourceDate "2018.10.10"]
[SourceVersion "1"]
[SourceVersionDate "2018.10.10"]
[SourceQuality "1"]
[WhiteTeam "Grandama III"]
[BlackTeam "Sociedad La Montana III"]
[WhiteTeamCountry "ESP"]
[BlackTeamCountry "ESP"]

1. d4 Nf6 2. Nf3 e6 3. e3 c5 4. c3 b6 5. Nbd2 Bb7 6. Bd3 Be7 7. e4 d6 8. 0-0 0-0 9. Qc2 h6 10. e5 dxe5 11. dxe5 Nfd7 12. Ne4 Nc6 13. Rd1 Qc7 14. Bf4 Ndxe5 15. Kh1 f6 16. Qb3 Qc8 17. Nxe5 Nxe5 18. Bxe5 fxe5 19. Bc4 Bd5 20. Bxd5 exd5 21. Rxd5 Qe6 22. Rxe5 Qxb3 23. axb3 Bf6 24. Nxf6+ Rxf6 25. f3 Rd8 26. Re2 Rfd6 27. Kg1 Rd1+ 28. Rxd1 Rxd1+ 29. Kf2 Kf7 30. g3 g5 31. Ke3 Rd6 32. f4 Re6+ 33. Kf3 Rxe2 34. Kxe2 gxf4 35. gxf4 Kf6 36. Ke3 Kf5 37. h3 h5 38. c4 h4 39. Kf3 a6 40. Ke3 b5 41. Kf3 1-0

[Event "Las Palmas Insular-chT Segunda-B 1617"]
[Site "Las Palmas"]
[Date "2017.02.04"]
[Round "10.3"]
[White "Gonzalez Acosta, Pablo"]
[Black "Trana, Arne Oddvar"]
[Result "1/2-1/2"]
[WhiteElo "1635"]
[BlackElo "1763"]
[PlyCount "29"]
[EventDate "2016.10.22"]
[EventType "team-tourn"]
[EventRounds "14"]
[EventCountry "ESP"]
[SourceTitle "EXT 2018"]
[Source "ChessBase"]
[SourceDate "2017.10.13"]
[SourceVersion "1"]
[SourceVersionDate "2017.10.13"]
[SourceQuality "1"]
[WhiteTeam "Grandama III"]
[BlackTeam "Mogan"]
[WhiteTeamCountry "ESP"]
[BlackTeamCountry "ESP"]

1. d4 Nf6 2. Nf3 g6 3. c4 Bg7 4. Nc3 0-0 5. e4 d6 6. Be2 Nbd7 7. 0-0 e5 8. dxe5 dxe5 9. Bg5 c6 10. Qd6 Re8 11. Rad1 Bf8 12. Qxf6 Qxf6 13. Bxf6 Nxf6 14. a3 a5 15. Rd3 1/2-1/2

[Event "Las Palmas Insular-chT Segunda-B 1617"]
[Site "Las Palmas"]
[Date "2017.01.21"]
[Round "9.2"]
[White "Gonzalez Acosta, Pablo"]
[Black "Aleman Perez, Domingo"]
[Result "1-0"]
[WhiteElo "1635"]
[BlackElo "1512"]
[PlyCount "131"]
[EventDate "2016.10.22"]
[EventType "team-tourn"]
[EventRounds "14"]
[EventCountry "ESP"]
[SourceTitle "EXT 2018"]
[Source "ChessBase"]
[SourceDate "2017.10.13"]
[SourceVersion "1"]
[SourceVersionDate "2017.10.13"]
[SourceQuality "1"]
[WhiteTeam "Grandama III"]
[BlackTeam "Drago de Sataute Centro Goya V"]
[WhiteTeamCountry "ESP"]
[BlackTeamCountry "ESP"]

1. d4 d5 2. Nf3 h6 3. e3 Bg4 4. Nbd2 Nc6 5. c3 e5 6. dxe5 Nxe5 7. Qa4+ Bd7 8. Qb3 Nxf3+ 9. Nxf3 Bc6 10. Bb5 Qd6 11. 0-0 Nf6 12. c4 0-0-0 13. Bxc6 Qxc6 14. cxd5 Qxd5 15. Qxd5 Rxd5 16. b3 Be7 17. Bb2 Ne8 18. e4 Rb5 19. Nd4 Rb6 20. Nf5 Re6 21. f3 Rg8 22. Rac1 b6 23. Bd4 g5 24. Rfe1 g4 25. f4 h5 26. Be5 Bc5+ 27. Bd4 Bb4 28. Re2 Nd6 29. Nxd6+ Rxd6 30. Be5 Rd7 31. Rec2 c5 32. Kf1 Rgd8 33. Bf6 Rd1+ 34. Rxd1 Rxd1+ 35. Kf2 Kd7 36. f5 Rd2+ 37. Rxd2+ Bxd2 38. Ke2 Bf4 39. h3 gxh3 40. gxh3 Bg3 41. Kf3 h4 42. Kg4 b5 43. Bc3 Kd6 44. Kf3 Be5 45. Be1 Bf6 46. Ke3 Kc6 47. Kf4 Kd6 48. Ke3 a6 49. Kd3 Kc6 50. e5 Bg5 51. Ke4 Kd7 52. Kd5 c4 53. bxc4 bxc4 54. Kxc4 Kc6 55. f6 Bf4 56. Bxh4 Bh6 57. Bf2 a5 58. a4 Bd2 59. h4 Bf4 60. Kd4 Bd2 61. Be3 Be1 62. h5 Kd7 63. h6 Ke6 64. Ke4 Bc3 65. Bd4 Bxd4 66. Kxd4 1-0

[Event "Las Palmas Insular-chT Primera-B 1617"]
[Site "Las Palmas"]
[Date "2016.12.03"]
[Round "6.4"]
[White "Henriquez Cazorla, Laura"]
[Black "Gonzalez Acosta, Pablo"]
[Result "0-1"]
[WhiteElo "1435"]
[BlackElo "1635"]
[PlyCount "70"]
[EventDate "2016.10.22"]
[EventType "team-tourn"]
[EventRounds "14"]
[EventCountry "ESP"]
[SourceTitle "EXT 2018"]
[Source "ChessBase"]
[SourceDate "2017.10.13"]
[SourceVersion "1"]
[SourceVersionDate "2017.10.13"]
[SourceQuality "1"]
[WhiteTeam "Fundacion La Caja de Canarias II"]
[BlackTeam "Grandama II"]
[WhiteTeamCountry "ESP"]
[BlackTeamCountry "ESP"]

1. Nf3 d5 2. c4 e6 3. d4 Nf6 4. Nc3 c6 5. e3 Bd6 6. Bd3 Nbd7 7. e4 dxe4 8. Nxe4 Nxe4 9. Bxe4 Nf6 10. Bd3 h6 11. 0-0 0-0 12. h3 b6 13. Be3 Qe7 14. Qd2 c5 15. Bxh6 cxd4 16. Bxg7 Kxg7 17. Qg5+ Kh8 18. Qh6+ Kg8 19. Ng5 Rb8 20. Nh7 Ne4 21. Bxe4 f5 22. Nxf8 fxe4 23. Ng6 Qf6 24. Qh5 Rb7 25. Nh4 Rg7 26. g3 Bd7 27. Ng2 e5 28. Qe2 Bc6 29. g4 Rh7 30. h4 d3 31. Qd1 Bc5 32. g5 Qf5 33. a3 Qh3 34. b4 e3 35. f3 e2+ 0-1

[Event "Las Palmas Insular-chT Segunda-B 1617"]
[Site "Las Palmas"]
[Date "2016.11.05"]
[Round "3.2"]
[White "Gonzalez Acosta, Pablo"]
[Black "Trana, Arne Oddvar"]
[Result "0-1"]
[WhiteElo "1635"]
[BlackElo "1763"]
[PlyCount "112"]
[EventDate "2016.10.22"]
[EventType "team-tourn"]
[EventRounds "14"]
[EventCountry "ESP"]
[SourceTitle "EXT 2018"]
[Source "ChessBase"]
[SourceDate "2017.10.13"]
[SourceVersion "1"]
[SourceVersionDate "2017.10.13"]
[SourceQuality "1"]
[WhiteTeam "Grandama III"]
[BlackTeam "Mogan"]
[WhiteTeamCountry "ESP"]
[BlackTeamCountry "ESP"]

1. d4 Nf6 2. Nf3 g6 3. c4 Bg7 4. Nc3 0-0 5. e4 d6 6. Be2 Nbd7 7. 0-0 e5 8. dxe5 dxe5 9. Bg5 c6 10. Qc2 Qc7 11. Rad1 Re8 12. b4 a5 13. b5 h6 14. Bh4 Nc5 15. a4 Nh5 16. Nd2 Nf4 17. Rfe1 Nce6 18. Nb3 Nd4 19. Nxd4 exd4 20. Nb1 Bd7 21. Bg3 cxb5 22. axb5 Rac8 23. Bd3 g5 24. Qb2 b6 25. f3 Nxd3 26. Rxd3 Qxc4 27. Rb3 d3 28. e5 Qc2 29. Nd2 Bf8 30. Ne4 Be7 31. Qb1 Qxb1 32. Rbxb1 Be6 33. Red1 Bc4 34. Bf2 Rb8 35. Nd2 Be6 36. Ne4 Red8 37. Be3 Bf5 38. Rb3 Bxe4 39. fxe4 d2 40. Rxd2 Rxd2 41. Bxd2 Bc5+ 42. Kf1 a4 43. Rb2 a3 44. Ra2 Kf8 45. Bc1 Ra8 46. h4 Ra4 47. hxg5 hxg5 48. Bxg5 Rxe4 49. Bc1 Ra4 50. Ke2 Ke7 51. Kd3 Ke6 52. Kc3 Rg4 53. Re2 Ra4 54. Kb3 Rb4+ 55. Ka2 Rxb5 56. Bxa3 Ra5 0-1

[Event "Las Palmas Insular-chT Segunda-B 1617"]
[Site "Las Palmas"]
[Date "2016.10.29"]
[Round "2.2"]
[White "Aleman Perez, Domingo"]
[Black "Gonzalez Acosta, Pablo"]
[Result "0-1"]
[WhiteElo "1512"]
[BlackElo "1635"]
[PlyCount "58"]
[EventDate "2016.10.22"]
[EventType "team-tourn"]
[EventRounds "14"]
[EventCountry "ESP"]
[SourceTitle "EXT 2018"]
[Source "ChessBase"]
[SourceDate "2017.10.13"]
[SourceVersion "1"]
[SourceVersionDate "2017.10.13"]
[SourceQuality "1"]
[WhiteTeam "Drago de Sataute Centro Goya V"]
[BlackTeam "Grandama III"]
[WhiteTeamCountry "ESP"]
[BlackTeamCountry "ESP"]

1. d4 d5 2. c4 e6 3. Nf3 Nf6 4. Nc3 c6 5. e3 Bd6 6. Qc2 Nbd7 7. c5 Bc7 8. Bd3 e5 9. dxe5 Nxe5 10. Nxe5 Bxe5 11. Bd2 0-0 12. Rd1 h6 13. h3 Qe7 14. Ne2 Be6 15. a4 Rad8 16. f4 Bc7 17. b4 Bc8 18. Nd4 Bxf4 19. Kf2 Bb8 20. Nf5 Bxf5 21. Bxf5 Ne4+ 22. Bxe4 dxe4 23. Rdf1 Qh4+ 24. Ke2 Rd3 25. Qc4 Qe7 26. Bc3 Re8 27. Rf5 Qe6 28. Qxe6 Rxe6 29. Bd4 Ra3 0-1

[Event "Las Palmas Insular-chT Pref-B"]
[Site "Las Palmas"]
[Date "2016.02.27"]
[Round "12.2"]
[White "Sanchez Montesdeoca, Isaac"]
[Black "Gonzalez Acosta, Pablo"]
[Result "1-0"]
[WhiteElo "1742"]
[BlackElo "1623"]
[PlyCount "43"]
[EventDate "2015.10.17"]
[EventType "team-tourn"]
[EventRounds "14"]
[EventCountry "ESP"]
[SourceTitle "EXT 2017"]
[Source "ChessBase"]
[SourceDate "2016.10.25"]
[SourceVersion "1"]
[SourceVersionDate "2016.10.25"]
[SourceQuality "1"]
[WhiteTeam "El Puerto de Santa Lucia"]
[BlackTeam "Video Vigilancias Canarias"]
[WhiteTeamCountry "ESP"]
[BlackTeamCountry "ESP"]

1. e4 c5 2. d4 cxd4 3. Qxd4 Nc6 4. Qe3 d6 5. Bd2 Nf6 6. Nc3 g6 7. 0-0-0 Bd7 8. Be2 Bg7 9. f4 Bh6 10. g4 e5 11. g5 Ng4 12. Qg3 exf4 13. Bxf4 Bxg5 14. Bxg4 Bxf4+ 15. Qxf4 Bxg4 16. Qxg4 Ne5 17. Qf4 0-0 18. Nf3 Qa5 19. Rd5 Qb6 20. Nxe5 dxe5 21. Rxe5 Rac8 22. Nd5 1-0

[Event "Las Palmas Insular-chT Pref-B"]
[Site "Las Palmas"]
[Date "2016.01.09"]
[Round "8.2"]
[White "Sanchez Ramirez, Gustavo"]
[Black "Gonzalez Acosta, Pablo"]
[Result "0-1"]
[WhiteElo "1681"]
[BlackElo "1623"]
[PlyCount "110"]
[EventDate "2015.10.17"]
[EventType "team-tourn"]
[EventRounds "14"]
[EventCountry "ESP"]
[SourceTitle "CBM 170 Extra"]
[Source "ChessBase"]
[SourceDate "2016.02.25"]
[SourceVersion "1"]
[SourceVersionDate "2016.02.25"]
[SourceQuality "1"]
[WhiteTeam "Hotel Avda de Canarias II"]
[BlackTeam "Video Vigilancias Canarias"]
[WhiteTeamCountry "ESP"]
[BlackTeamCountry "ESP"]

1. c4 e6 2. d4 d5 3. Nf3 Nf6 4. e3 a6 5. c5 b6 6. b4 a5 7. Qa4+ Bd7 8. Bb5 c6 9. Bd3 b5 10. Qa3 a4 11. Nc3 Na6 12. e4 dxe4 13. Nxe4 Nxe4 14. Bxe4 Nc7 15. 0-0 Be7 16. Bf4 0-0 17. Qd3 f5 18. Bxc6 Bxc6 19. Bxc7 Qxc7 20. Rfe1 Qd7 21. Qe2 Bd5 22. Rac1 Bf6 23. Ne5 Bxe5 24. Qxe5 Rac8 25. a3 Qc6 26. Re3 Qc7 27. Rce1 Qxe5 28. Rxe5 Kf7 29. f4 Be4 30. Kf2 Rfd8 31. Rd1 Rd7 32. g4 g6 33. Ke3 Bd5 34. g5 Rcd8 35. h4 h6 36. gxh6 Rh8 37. c6 Rc7 38. Rc1 Rxh6 39. Rc5 Bc4 40. Rxc4 bxc4 41. b5 Rxh4 42. Rc5 Rh3+ 43. Kd2 Rb3 44. d5 exd5 45. Rxd5 Rd3+ 46. Rxd3 cxd3 47. Kxd3 Ke6 48. Kc4 Kd6 49. Kb4 g5 50. fxg5 f4 51. g6 Rg7 52. Kxa4 Kc5 53. Kb3 Kxb5 54. Kc3 Kxc6 55. Kd4 Rxg6 0-1

[Event "Las Palmas Insular-chT Pref-A"]
[Site "Las Palmas"]
[Date "2015.12.19"]
[Round "7.4"]
[White "Gonzalez Acosta, Pablo"]
[Black "Diaz Mendoza, Eladio"]
[Result "0-1"]
[WhiteElo "1623"]
[BlackElo "1572"]
[PlyCount "88"]
[EventDate "2015.10.17"]
[EventType "team-tourn"]
[EventRounds "14"]
[EventCountry "ESP"]
[SourceTitle "CBM 170 Extra"]
[Source "ChessBase"]
[SourceDate "2016.02.25"]
[SourceVersion "1"]
[SourceVersionDate "2016.02.25"]
[SourceQuality "1"]
[WhiteTeam "Grandama Santa Lucia"]
[BlackTeam "Sociedad La Montana II"]
[WhiteTeamCountry "ESP"]
[BlackTeamCountry "ESP"]

1. d4 Nf6 2. Nf3 d5 3. e3 c6 4. c4 e6 5. Nc3 Be7 6. b3 0-0 7. Bd3 dxc4 8. bxc4 b6 9. e4 Bb7 10. Qc2 Ne8 11. 0-0 Na6 12. a3 c5 13. d5 exd5 14. cxd5 Qc8 15. e5 g6 16. d6 Bd8 17. Qa4 Nb8 18. Bb5 Bc6 19. Rd1 Bxb5 20. Qxb5 Qc6 21. Qc4 Ng7 22. Bh6 Re8 23. Re1 Re6 24. Bg5 Nd7 25. Bxd8 Rxd8 26. Ng5 b5 27. Qf4 Rf8 28. Nxe6 Nxe6 29. Qh6 f5 30. exf6 Rxf6 31. Ne4 Rf7 32. Rad1 c4 33. Ng5 Nxg5 34. Qxg5 Nc5 35. Re7 Ne4 36. Rxf7 Nxg5 37. Rc7 Qb6 38. Re1 Nf7 39. Ree7 Qxd6 40. h3 Qd1+ 41. Kh2 Qd6+ 42. Kg1 Qd5 43. Rxa7 c3 44. Rac7 c2 0-1

[Event "Las Palmas Insular-chT Pref-B"]
[Site "Las Palmas"]
[Date "2015.11.28"]
[Round "4.2"]
[White "Ortega Hernandez, Carmelo"]
[Black "Gonzalez Acosta, Pablo"]
[Result "1-0"]
[WhiteElo "1842"]
[BlackElo "1623"]
[PlyCount "41"]
[EventDate "2015.10.17"]
[EventType "team-tourn"]
[EventRounds "14"]
[EventCountry "ESP"]
[SourceTitle "CBM 170 Extra"]
[Source "ChessBase"]
[SourceDate "2016.02.25"]
[SourceVersion "1"]
[SourceVersionDate "2016.02.25"]
[SourceQuality "1"]
[WhiteTeam "Anand"]
[BlackTeam "Video Vigilancias Canarias"]
[WhiteTeamCountry "ESP"]
[BlackTeamCountry "ESP"]

1. d4 d5 2. Nf3 e6 3. e3 Nf6 4. Bd3 Nbd7 5. 0-0 c5 6. b3 b6 7. Nbd2 Bb7 8. Ne5 Bd6 9. f4 0-0 10. Qf3 Qc7 11. Ba3 b5 12. Nxd7 Nxd7 13. Qh3 Nf6 14. dxc5 Bxc5 15. Bb2 Ne4 16. Be5 Qb6 17. Rf3 f5 18. Nxe4 dxe4 19. Rg3 g6 20. Bf1 Rad8 21. Qh6 1-0

[Event "Las Palmas Insular-chT Pref-A"]
[Site "Las Palmas"]
[Date "2015.11.14"]
[Round "3.4"]
[White "Gonzalez Acosta, Pablo"]
[Black "Galvan Sarmiento, Jose Luis"]
[Result "0-1"]
[WhiteElo "1623"]
[BlackElo "1959"]
[PlyCount "40"]
[EventDate "2015.10.17"]
[EventType "team-tourn"]
[EventRounds "14"]
[EventCountry "ESP"]
[SourceTitle "CBM 170 Extra"]
[Source "ChessBase"]
[SourceDate "2016.02.25"]
[SourceVersion "1"]
[SourceVersionDate "2016.02.25"]
[SourceQuality "1"]
[WhiteTeam "Grandama Santa Lucia"]
[BlackTeam "Goya Villa de Teror II"]
[WhiteTeamCountry "ESP"]
[BlackTeamCountry "ESP"]

1. d4 Nf6 2. Nf3 e6 3. e3 b6 4. Bd3 Bb7 5. Nbd2 d5 6. 0-0 Bd6 7. Qe2 Ne4 8. c4 0-0 9. cxd5 exd5 10. Ne5 Re8 11. f4 a6 12. Nxe4 dxe4 13. Bc4 Re7 14. Qh5 Qe8 15. g4 Nd7 16. g5 Nf8 17. g6 hxg6 18. Nxg6 Nxg6 19. Qxg6 Qa4 20. b3 Qxc4 0-1

[Event "Canarias-chT"]
[Site "Vecindario"]
[Date "2015.06.12"]
[Round "3.4"]
[White "Gonzalez Acosta, Pablo"]
[Black "Mariduena Moreno, Lissette"]
[Result "1-0"]
[WhiteElo "1600"]
[BlackElo "1541"]
[PlyCount "67"]
[EventDate "2015.06.11"]
[EventType "team-swiss"]
[EventRounds "6"]
[EventCountry "ESP"]
[SourceTitle "EXT 2024"]
[Source "ChessBase"]
[SourceDate "2023.10.10"]
[SourceVersion "1"]
[SourceVersionDate "2023.10.10"]
[SourceQuality "1"]
[WhiteTeam "Grandama Santa Lucia"]
[BlackTeam "Centro de Ajedrez de Lanzarote"]
[WhiteTeamCountry "ESP"]
[BlackTeamCountry "ESP"]

1. d4 d5 2. Nf3 Nf6 3. e3 e6 4. Bd3 Be7 5. Nbd2 0-0 6. c3 b6 7. 0-0 c5 8. e4 dxe4 9. Nxe4 Bb7 10. Nxf6+ Bxf6 11. dxc5 g6 12. cxb6 axb6 13. Bh6 Re8 14. Bb5 Bc6 15. Qxd8 Rxd8 16. Bxc6 Nxc6 17. Bg5 Kg7 18. a3 Rd5 19. Bxf6+ Kxf6 20. Rfd1 Rad8 21. Rxd5 Rxd5 22. Kf1 e5 23. Ke2 h6 24. Rd1 Rxd1 25. Kxd1 Ke6 26. Kd2 Kd5 27. b3 b5 28. Ne1 e4 29. Nc2 f5 30. Nb4+ Nxb4 31. cxb4 f4 32. a4 g5 33. a5 Kc6 34. Kc3 1-0